| 000 | 00673cam a22002291 4500 | ||
|---|---|---|---|
| 001 | 9389073 | ||
| 003 | OSt | ||
| 005 | 20160223120132.0 | ||
| 008 | 810917s1963 nyu b s000 0 eng c | ||
| 010 | _aa 64007020 | ||
| 035 | _a(OCoLC)7765570 | ||
| 040 | _aSEKU | ||
| 042 | _apremarc | ||
| 050 | 0 | 0 |
_aQA 11 _b.W4 1994 |
| 110 | 2 |
_aUniversity of the State of New York. _bBureau of Secondary Curriculum Development. |
|
| 245 | 1 | 0 |
_aMathematics 10 ; _bQuebec Edition |
| 260 |
_aDon Mills, _bAddison Wesley Publishers _c1994. |
||
| 300 |
_a86 p. _c23 cm. |
||
| 504 | _aBibliography: p. 75-76. | ||
| 650 | 0 |
_aMathematics _xStudy and teaching (Secondary) |
|
| 942 |
_2lcc _cGEN |
||
| 999 |
_c11344 _d11344 |
||